| 000 | 00828ngm a22003250a 4500 | ||
|---|---|---|---|
| 001 | PT35190 | ||
| 003 | AR-LpoUNG | ||
| 005 | 20210201232316.0 | ||
| 007 | co ||u|||uuuuu | ||
| 008 | 191001s2005||||ag |||||||||||||||||spa d | ||
| 037 | _c$18 | ||
| 040 |
_aAR-LpoUNG _bspa _cAR-LpoUNG _eaacr |
||
| 041 | _aspa | ||
| 044 | _aag | ||
| 082 | 0 | _a982.04 933atl | |
| 100 | 1 | _aMoussy, V. Martín de | |
| 245 | 1 | 0 | _aAtlas de la Confederación Argentina |
| 260 |
_aBuenos Aires : _bAcademia Nacional de la Historia, _c2005. |
||
| 505 | 0 | _aAcompaña al impreso | |
| 650 | 4 | _aANALISIS ESTADISTICO | |
| 650 | 4 | _aANALISIS HISTORICO | |
| 650 | 4 | _aARGENTINA | |
| 650 | 4 | _aDEMOGRAFIA | |
| 650 | 4 | _aGEOGRAFIA | |
| 650 | 4 | _aHISTORIA POLITICA | |
| 650 | 4 | _aPOBLACION | |
| 651 | 4 | _aArgentina | |
| 905 | _a35190 | ||
| 942 | _cCDDVD | ||
| 999 |
_c53319 _d53319 |
||